000
00327nam a22001337a 4500
008
170620b xxu||||| |||| 00| 0 eng d
020
_a
978049567653
041
_a
eng
080
_a
327
100
_a
20
101
_a
SHP
245
_a
INTERNATIONAL POLITICS POWER AND PURPOSE IN GLOBAL AFFAIRS
_c
D'ANIERI,P
942
_2
udc
_c
BK
999
_c
18227
_d
18227